000 00739nam a22001817a 4500
999 _c371587
_d371587
008 201127b ||||| |||| 00| 0 eng d
040 _aDE-2950
_bger
_cDE-2950
_erda
041 _ager
245 _aVerwurzelt in der Doppelstadt.
_bNachhaltigkeit: Im Rahmen eines studentischen Projektes werden in Frankfurt und Slubice Bäume in Schöpfungsgärten gepflanzt/
_cInes Weber-Rath, Jacqueline Westermann
264 _c2022
653 _aFrankfurt (Oder) - Slubice
653 _aBaumpflanzungen
773 _dFrankfurt (Oder) Märkisches Verlags- und Druckhaus GmbH & Co KG
_tMärkische Oderzeitung
_g33. Jahrgang (2022) Nr. 98 vom 28.04.2022, S. 16
942 _cA